The history of the Postmasters' Association in Western Australia /

Saved in:
Bibliographic Details
Main Author: Heydon, P. R. (Philip Robert)
Format: Book
Language:English
Published: [Perth, W.A. : Australian Postmasters' Association, Western Australian Branch, 1979]
Subjects:
LEADER 01060nam a2200253 a 4500
001 c000192579
003 CARM
005 20021125001500.0
008 840323s1979 weaa 00010 eng d
019 1 |a 2462489  |5 LACONCORD2021 
035 |a (OCoLC)220204270  |5 LACONCORD2021 
040 |a NUN  |c NUN 
042 |a anuc 
043 |a u-at-we 
082 1 |a 383.49/94/1  |2 19 
100 1 |a Heydon, P. R.  |q (Philip Robert) 
245 1 4 |a The history of the Postmasters' Association in Western Australia /  |c by P.R. Heydon. 
260 |a [Perth, W.A. :  |b Australian Postmasters' Association, Western Australian Branch,  |c 1979] 
300 |a iv, 157 p. :  |b ill. ;  |c 26 cm. 
610 2 0 |a Australian Postmasters' Association.  |b Western Australian Branch. 
610 2 0 |a Australian Postmasters' Association.  |b Western Australian Branch  |x History. 
852 8 |b CARM  |h A2:AO03G0  |i C08299  |p 0304021  |f BK 
999 f f |i 837986ff-0b1e-59ac-81f8-9bf28e856daf  |s 59928f9d-8faf-5d2c-b41a-f41563df283d 
952 f f |p Can circulate  |a CAVAL  |b CAVAL  |c CAVAL  |d CARM 1 Store  |e C08299  |f A2:AO03G0  |h Other scheme  |i book  |m 0304021